000 02264nam0a2200373 4500
001 RU\NLR\BIBL_A\022067880
005 20251020144917.0
010 _a978-5-907678-30-9
_9500
021 _aRU
_bКН-П-23-063491
_9КН-П-23-6442
035 _a(NLR Aleph) 022067880
090 _a12649680
_c12649680
100 _a20231108d2023 k y0rusy50 ca
101 0 _arus
102 _aRU
105 _aach|z|||100zy
181 0 _ai3
_baxxe
182 0 _an
200 1 _aОт села Кондырево до города Кондрово
_eматериалы шестой районной краеведческой конференции, 25-26 ноября 2021 года
_fРайонный краеведческий музей г. Кондрово Калужской области
_gред. коллегия: Орлова Е. А. [и др.]
203 _aТекст
_bвизуальный
_cнепосредственный
210 _aКалуга
_cСтрельцов И. А. (Изд-во "Эйдос")
_d2023
215 _a419 с.
_cил., цв. ил., табл., портр., факс., карты
_d21
320 _aБиблиогр. в подстроч. примеч.
607 _aДзержинский район (Калужская область)
_jСъезды, совещания и т. п.
_xИстория
_92476310
_3RU\NLR\AUTH\6601687128
607 _aКондрово, город (Калужская область)
_jСъезды, совещания и т. п.
_xИстория
_92146032
_3RU\NLR\AUTH\661597566
686 1 _aТ3(2Р-4Калж)я431
702 1 _4340
_aОрлова
_bЕ. А.
_cисторик, краевед
_gЕлена Алексеевна
_9229610
_3RU\NLR\AUTH\770229666
711 1 2 _a"От села Кондырево до города Кондрова", районная краеведческая конференция
_d6
_eКондрово
_f2021
_9872287
_3RU\NLR\AUTH\880600436
712 0 2 _4570
_aРайонный краеведческий музей
_cКондрово
_9744195
_3RU\NLR\AUTH\880540153
942 _cBOOK
980 _aNBR
980 _aNB